LEADER 01645nam a2200349 a 4500 001 000000171821 003 CaOOAMICUS 005 20190429165020.0 008 190429s2019 it u000 u ita r 020 $a978-88-10-82141-1* 032 $aLibriCat 040 $aPUL$bita 041 1 $aita$agrc$hgrc$aheb$hheb$alat$hlat 082 04$a222 130 0 $aBiblia.$pV.T.$pEzechiel.$lItaliano.$0(OLS)http://pul/title/12190 245 10$aEzechiele :$btesto ebraico masoretico, versione greca dei Settanta, versione latina della Nova Vulgata, testo CEI 2008 /$ca cura di Roberto Reggi . 260 $aBologna :$bEDB,$cİ2019. 300 $a249 p. ;$c26 cm 490 1 $aLa Bibbia quadriforme 546 $aTesto greco, latino ed ebraico con trad. italiana interlineare. 630 04$aBiblia.$pV.T.$pEzechiel$xCritica testuale.$0(OLS)http://pul/subject/1440 700 1 $aReggi, Roberto.$0(OLS)http://pul/name/30773 730 02$aBiblia.$pV.T.$pEzechiel.$lItaliano ed ebraico.$0(OLS)http://pul/title/149404 830 0$aBibbia quadriforme ;$v17.$0(OLS)http://pul/title/188338 850 $aPUL 852 $aPUL$W1$xSL Religione 3$y85$m222 REGRO 18.17$j195652$qDDC 21$B200502$CPULBib$Z2$F200502 $H132652 $82 941 1 $a9 996 $6020$a978-88-10-82141-1*$9(OLS)http://pul/number/166005 996 $6082$a222$9(OLS)http://pul/classification/563 996 $6245$aEzechiele :$btesto ebraico masoretico, versione greca dei Settanta, versione latina della Nova Vulgata, testo CEI 2008$9(OLS)http://pul/title/212667 996 $6260$aBologna :$bEDB$9(OLS)http://pul/publisher/56073 LEADER 01245nam a2200313 a 4500 001 000000131737 003 CaOOAMICUS 005 20121128123248.0 008 121128s2006 it u000 u ita r 020 $a88-459-2036-4 040 $aPUL$bita 100 1 $aCroce, Benedetto,$d1866-1952.$0(OLS)http://pul/name/495 245 13$aUn paradiso abitato da diavoli /$cBenedetto Croce ; a cura di Giuseppe Galasso. 250 $a2. ed. 260 $aMilano :$bAdelphi,$c2006. 300 $a315 p. ;$c18 cm 490 1 $aPiccola biblioteca Adelphi ;$v538 504 $aBibliografia in nota. 651 4$aNapoli$xDescrizione e viaggi.$0(OLS)http://pul/subject/13473 700 1 $aGalasso, Giuseppe,$d1929-2018.$0(OLS)http://pul/name/486 830 0$aPiccola biblioteca Adelphi ;$v538.$0(OLS)http://pul/title/37100 850 $aPUL 852 $aPUL$W1$xDP1 Fondo E. Rossi$y115$m1 C 116$j151878$qFondi$B150975$CPULBib$Z2$F150975 $82 941 1 $a1 961 $aSul dorso collocazione ms. di E. Rossi: C 82 3 996 $6020$a88-459-2036-4$9(OLS)http://pul/number/151203 996 $6245$aUn paradiso abitato da diavoli$9(OLS)http://pul/title/166444 996 $6260$aMilano :$bAdelphi$9(OLS)http://pul/publisher/51018